[Event "13. Bayer Open"]
[Site "Leverkusen"]
[Date "2015.02.02"]
[Round "3.4"]
[White "Blumenthal, Ralf"]
[Black "Negele, Michael"]
[Result "0-1"]
[WhiteElo "1870"]
[BlackElo "2117"]
[PlyCount "72"]
[EventDate "2015.??.??"]
[WhiteTeam "SK Turm Euskirchen"]
[BlackTeam "SC Bayer Leverkusen"]

1. c4 e5 2. Nc3 Nf6 3. g3 Bb4 4. Bg2 O-O 5. Qb3 Nc6 6. Bxc6 Bxc3 7. Bg2 Ba5 8.
Qb5 Bb6 9. e3 d6 10. Qb3 c6 11. Ne2 Be6 12. Qc3 Qd7 13. h3 Rfe8 14. Kf1 d5 15.
b3 d4 16. exd4 exd4 17. Qf3 d3 18. Nc3 Bf5 19. g4 Be4 20. Qf4 Qd4 21. Qg3 Rac8
22. f3 Bg6 23. Bb2 Re2 24. Nd1 Qd7 25. f4 Be4 26. Bf3 Bxf3 27. Qxf3 Ne4 28. Bc3
Re8 29. b4 Nxc3 30. dxc3 Re1+ 31. Kg2 R8e2+ 32. Kg3 Rxh1 33. Qxh1 g5 34. fxg5
Qd6+ 35. Kh4 h6 36. Qf3 hxg5+ 0-1

[Event "13. Bayer Open"]
[Site "Leverkusen"]
[Date "2015.02.02"]
[Round "3.6"]
[White "Kronseder, Michael"]
[Black "Krüger, Andre"]
[Result "0-1"]
[WhiteElo "1526"]
[BlackElo "2062"]
[PlyCount "64"]
[EventDate "2015.??.??"]
[WhiteTeam "SV Hürth-Berrenrath"]
[BlackTeam "SV Mülheim-Nord"]

1. e4 c5 2. Nc3 e6 3. g3 Nc6 4. Bg2 g6 5. Nge2 Bg7 6. O-O Nge7 7. f4 d6 8. Qe1
Nd4 9. Nxd4 cxd4 10. Ne2 O-O 11. d3 Qc7 12. c3 dxc3 13. bxc3 Bd7 14. Be3 Rac8
15. d4 Bb5 16. Rb1 Bc4 17. Qd2 b6 18. Rfc1 Qd7 19. Rb4 Rc7 20. Bf2 Qc8 21. Be1
Qa6 22. Bf1 Rd8 23. g4 f5 24. gxf5 exf5 25. Bh4 fxe4 26. Rxc4 Qxc4 27. Ng3 Qe6
28. Nxe4 Qxe4 29. Re1 Qd5 30. Bg2 Qf7 31. c4 Qxc4 32. d5 Qd4+ 0-1

[Event "13. Bayer Open"]
[Site "Leverkusen"]
[Date "2015.02.02"]
[Round "3.7"]
[White "Werbeck, Torsten"]
[Black "Evers, Leo"]
[Result "0-1"]
[WhiteElo "2098"]
[BlackElo "1975"]
[PlyCount "54"]
[EventDate "2015.??.??"]
[WhiteTeam "Bahn-SC Wuppertal"]
[BlackTeam "SG Porz"]

1. Nf3 c5 2. c4 Nc6 3. Nc3 g6 4. g3 Bg7 5. Bg2 e6 6. O-O Nge7 7. e3 Nf5 8. Re1
O-O 9. d3 d6 10. Rb1 Rb8 11. e4 Nfd4 12. Be3 a6 13. Qd2 b5 14. Ne2 bxc4 15.
dxc4 Nxf3+ 16. Bxf3 Ne5 17. Bg2 Nxc4 18. Qd3 Nxe3 19. Qxe3 Qa5 20. Qd3 Rd8 21.
Nc3 Rxb2 22. Rxb2 Bxc3 23. Reb1 Bxb2 24. Rxb2 Qe1+ 25. Bf1 d5 26. Rb6 c4 27.
Qd4 e5 0-1

[Event "13. Bayer Open"]
[Site "Leverkusen"]
[Date "2015.02.02"]
[Round "3.8"]
[White "Peschel, Andreas"]
[Black "Schwark, Mario"]
[Result "1-0"]
[WhiteElo "2101"]
[BlackElo "1816"]
[PlyCount "109"]
[EventDate "2015.??.??"]
[WhiteTeam "SG Solingen"]
[BlackTeam "SG Kalker/Deutzer"]

1. d4 Nf6 2. c4 d5 3. Nf3 e6 4. g3 c6 5. Bg2 Nbd7 6. O-O Be7 7. Qc2 O-O 8. Bf4
dxc4 9. Nbd2 Nd5 10. Nxc4 Nxf4 11. gxf4 Nf6 12. Rfd1 Qc7 13. Nce5 Bd7 14. Rac1
Rfd8 15. Ng5 Be8 16. d5 h6 17. dxe6 hxg5 18. exf7+ Bxf7 19. Nxf7 Kxf7 20. fxg5
Rh8 21. Qb3+ Kf8 22. gxf6 gxf6 23. h3 Rd8 24. Rxd8+ Bxd8 25. Rd1 Qe7 26. Qf3
Bb6 27. Qf5 Rh7 28. e3 Rg7 29. Kf1 Qe5 30. Qc8+ Qe8 31. Qf5 Qe5 32. Qxe5 fxe5
33. Be4 Rf7 34. Ke2 Ke7 35. h4 Rf6 36. h5 Bc5 37. Rh1 Rh6 38. Bg6 Kf6 39. Kf3
Bf8 40. Ke4 Rh8 41. Rd1 Ke7 42. Kxe5 Bg7+ 43. Ke4 a5 44. a4 Rf8 45. Bf5 Rd8 46.
Rxd8 Kxd8 47. b3 Ke7 48. Bc8 b5 49. Kf5 Kd6 50. Kg6 Bh8 51. f4 bxa4 52. bxa4 c5
53. e4 Bd4 54. e5+ Kc7 55. h6 1-0

[Event "13. Bayer Open"]
[Site "Leverkusen"]
[Date "2015.02.02"]
[Round "3.10"]
[White "Kamphausen, Johannes-Dieter"]
[Black "Balduan, Markus"]
[Result "0-1"]
[WhiteElo "1722"]
[BlackElo "2231"]
[PlyCount "80"]
[EventDate "2015.??.??"]
[WhiteTeam "SV Springer Hitdorf"]
[BlackTeam "TV Witzhelden"]

1. e4 c6 2. d4 d5 3. e5 c5 4. dxc5 Nc6 5. Bb5 e6 6. Be3 Nge7 7. c3 Nf5 8. Bd4
Bd7 9. Bxc6 Bxc6 10. Nf3 Nxd4 11. Qxd4 Qc7 12. O-O Bb5 13. Re1 Bxc5 14. Qg4 O-O
15. Nbd2 Bd3 16. Nd4 Qb6 17. N2b3 Rac8 18. Re3 Bg6 19. Nxc5 Rxc5 20. Nb3 Rc4
21. Qe2 Rfc8 22. Nd4 h6 23. h4 Be4 24. Rg3 Rxd4 25. cxd4 Qxd4 26. Qh5 Rc2 27.
Rf1 Qd2 28. Qg4 g6 29. h5 g5 30. f4 Bf5 31. Qd1 Qxd1 32. Rxd1 g4 33. Rf1 Rxb2
34. Rf2 Rb1+ 35. Kh2 Rc1 36. Rd2 Rc4 37. Rf2 d4 38. Rb3 b6 39. g3 Rc1 40. Rd2
Be4 0-1

[Event "13. Bayer Open"]
[Site "Leverkusen"]
[Date "2015.02.02"]
[Round "3.11"]
[White "Kies, Werner"]
[Black "Vranidis, Athanassios"]
[Result "1/2-1/2"]
[WhiteElo "1837"]
[BlackElo "1820"]
[PlyCount "82"]
[EventDate "2015.??.??"]
[WhiteTeam "SC Bayer Leverkusen"]
[BlackTeam "SG Solingen"]

1. e4 c5 2. Nc3 Nc6 3. Nf3 d6 4. d4 cxd4 5. Nxd4 Nf6 6. Bb5 Bd7 7. O-O g6 8.
Be3 Bg7 9. Nxc6 bxc6 10. Be2 O-O 11. h3 Qa5 12. Qd2 Kh8 13. a3 Rab8 14. b4 Qc7
15. f4 a5 16. bxa5 Qxa5 17. Qd3 Rfd8 18. Bd2 Qc5+ 19. Kh2 Ne8 20. a4 Nc7 21. a5
Nb5 22. Na4 Qd4 23. c3 Qxd3 24. Bxd3 Ra8 25. Nb6 Ra7 26. Rfe1 Rb8 27. Rab1 Be8
28. c4 Nc7 29. Na4 Rab7 30. Rb6 c5 31. Reb1 Rxb6 32. Rxb6 Rxb6 33. Nxb6 Bc6 34.
g4 Kg8 35. Kg3 Kf8 36. Kf3 Ke8 37. f5 Kd8 38. h4 Bf6 39. g5 Be5 40. Kg4 e6 41.
h5 Na6 1/2-1/2

[Event "13. Bayer Open"]
[Site "Leverkusen"]
[Date "2015.02.02"]
[Round "3.12"]
[White "Grah, Ulrich"]
[Black "Bub, Volker"]
[Result "1/2-1/2"]
[WhiteElo "1816"]
[BlackElo "2029"]
[PlyCount "113"]
[EventDate "2015.??.??"]
[WhiteTeam "SG Solingen"]
[BlackTeam "SC Tornado Hochneukirch"]

1. e4 d5 2. exd5 Qxd5 3. Nc3 Qa5 4. Nf3 Nf6 5. d4 c6 6. Bc4 Bf5 7. Ne5 e6 8. g4
Bg6 9. h4 Nbd7 10. Nxd7 Nxd7 11. h5 Be4 12. f3 Bd5 13. Bxd5 cxd5 14. Bd2 Bb4
15. Qe2 a6 16. a3 Rc8 17. O-O-O Bxa3 18. bxa3 Qxa3+ 19. Kb1 Rc4 20. Nxd5 Ra4
21. Bc3 Qa2+ 22. Kc1 Qxd5 23. Qd3 Nb6 24. Qe4 Qg5+ 25. f4 Qd5 26. Rhe1 Qxe4 27.
Rxe4 Nd5 28. Bb2 Kd7 29. f5 Rc8 30. fxe6+ fxe6 31. Rde1 Rc6 32. Rf1 Ke8 33.
Rfe1 Ke7 34. Re5 Nb4 35. Rc5 Rxc5 36. dxc5 Nd5 37. Bxg7 Rxg4 38. h6 Rc4 39. Rf1
Ne3 40. Rf2 Nf5 41. Bb2 Kf7 42. Rd2 Ke8 43. Re2 Kd7 44. Rd2+ Kc7 45. Re2 Rh4
46. Rxe6 Rxh6 47. Re8 Kc6 48. Rc8+ Kb5 49. Rb8 b6 50. cxb6 Rxb6 51. c4+ Kc6 52.
Rf8 Nd6 53. Rf6 Rb4 54. Rh6 Rxc4+ 55. Kb1 Kd5 56. Rxh7 Rb4 57. Rh5+ {
Restliche Notation fehlt.} 1/2-1/2

[Event "13. Bayer Open"]
[Site "Leverkusen"]
[Date "2015.02.02"]
[Round "3.13"]
[White "Wille, Thomas"]
[Black "Mentzel, Markus"]
[Result "1/2-1/2"]
[WhiteElo "1973"]
[BlackElo "1799"]
[PlyCount "124"]
[EventDate "2015.??.??"]
[WhiteTeam "Krefelder SK Turm"]
[BlackTeam "SG Solingen"]

1. Nf3 d5 2. b3 Nf6 3. Bb2 e6 4. c4 Be7 5. g3 b6 6. Bg2 Bb7 7. O-O c5 8. cxd5
exd5 9. d4 O-O 10. Nc3 Na6 11. a3 Nc7 12. Rc1 Ne6 13. e3 Ne4 14. dxc5 Nxc3 15.
Bxc3 Nxc5 16. b4 Ne4 17. Be5 Rc8 18. Qa4 a6 19. Qb3 Qd7 20. Bd4 Qe6 21. Qb2 f6
22. Nd2 Rfd8 23. Rxc8 Rxc8 24. Rc1 Rxc1+ 25. Qxc1 Nxd2 26. Qxd2 Bd8 27. Bf1 Qc6
28. Bd3 Bc7 29. Qd1 g6 30. f4 Bc8 31. Kf2 Kg7 32. Qe2 b5 33. Qc2 Qxc2+ 34. Bxc2
Bb7 35. Ke2 Kf7 36. Kd3 Ke6 37. g4 f5 38. gxf5+ gxf5 39. a4 bxa4 40. Bxa4 Bd8
41. Be8 Bc8 42. Kc3 Bd7 43. Bh5 Bb5 44. Kd2 Bh4 45. Bd1 Bd8 46. Bc3 Bh4 47. Bd4
Bd8 48. Kc3 Bf1 49. Ba4 Bb5 50. Bc2 Be7 51. Bd1 Bd8 52. Bb3 Be7 53. Bg7 Bd8 54.
Bd4 Be7 55. Bc5 Bf6+ 56. Kd2 Bh4 57. Bc2 Bf6 58. Bd4 Be7 59. Bc3 Bh4 60. Kd1
Be7 61. Bb3 Bd8 62. Kc1 Be7 1/2-1/2

[Event "13. Bayer Open"]
[Site "Leverkusen"]
[Date "2015.02.02"]
[Round "3.14"]
[White "Ziabari, Morteza"]
[Black "Eigemann, Frederik"]
[Result "0-1"]
[WhiteElo "1792"]
[BlackElo "1949"]
[PlyCount "104"]
[EventDate "2015.??.??"]
[WhiteTeam "Kettwiger SG"]
[BlackTeam "SG Porz"]

1. e4 e6 2. d4 d5 3. Nc3 Nf6 4. e5 Nfd7 5. Nce2 c5 6. c3 b6 7. Ng3 Ba6 8. Be2
Qc8 9. Qa4 Bxe2 10. N1xe2 Qa6 11. Qxa6 Nxa6 12. O-O Be7 13. a3 O-O 14. f4 g6
15. f5 exf5 16. Bh6 Rfe8 17. Nf4 Nc7 18. Rae1 Bf8 19. Bxf8 Nxf8 20. Re3 Nfe6
21. Ngh5 gxh5 22. Nxh5 f4 23. Nf6+ Kf8 24. Rh3 Red8 25. dxc5 bxc5 26. Rxh7 Ke7
27. b4 Nb5 28. Rh3 d4 29. c4 Nc3 30. Rf2 cxb4 31. axb4 Rab8 32. b5 Rbc8 33. Rb2
Rxc4 34. b6 Na4 35. Rd2 axb6 36. Ne4 Nc3 37. Nd6 Rxd6 38. exd6+ Kxd6 39. Rhd3
Ne4 40. Rd1 N4c5 41. Ra3 d3 42. h4 f3 43. g3 Rg4 44. Kf2 Nd4 45. Ra7 Ke6 46.
Rb1 Re4 47. Rxb6+ Kd5 48. Rb1 Re2+ 49. Kf1 d2 50. Rxf7 Nd3 51. Rxf3 Re1+ 52.
Rxe1 dxe1=Q+ 0-1

[Event "13. Bayer Open"]
[Site "Leverkusen"]
[Date "2015.02.02"]
[Round "3.16"]
[White "Gutt, Oswald"]
[Black "Boschek, Hans-Joachim"]
[Result "1-0"]
[WhiteElo "1920"]
[BlackElo "1838"]
[PlyCount "101"]
[EventDate "2015.??.??"]
[WhiteTeam "Bergische SF"]
[BlackTeam "SG Solingen"]

1. c4 c5 2. g3 g6 3. Bg2 Bg7 4. Nc3 Nc6 5. Nf3 e6 6. O-O Nge7 7. a3 O-O 8. Rb1
a5 9. b3 d6 10. Bb2 e5 11. d3 h6 12. Ne1 Be6 13. Nc2 d5 14. cxd5 Nxd5 15. Ne3
Nxc3 16. Bxc3 Qd7 17. Nc4 Qc7 18. a4 Rfd8 19. Qc1 Bd5 20. Bxd5 Rxd5 21. Ne3 Rd7
22. Qa3 b6 23. Nc4 Re8 24. Qa1 f5 25. Rbd1 Rde7 26. Qb2 h5 27. e3 Rf8 28. Rfe1
Rd8 29. f4 Rde8 30. Qg2 e4 31. Bxg7 Rxg7 32. dxe4 Rxe4 33. Qd2 Ree7 34. Qd6
Qxd6 35. Rxd6 Nd4 36. Kf2 b5 37. exd4 Rxe1 38. Kxe1 bxc4 39. bxc4 cxd4 40. Rxd4
Rb7 41. c5 Kf7 42. c6 Rc7 43. Rd6 Re7+ 44. Kd2 Re6 45. Rd7+ Ke8 46. Ra7 Rxc6
47. Rxa5 Kd7 48. Kd3 Kc7 49. Rb5 Rc1 50. Kd4 Rc2 51. Rc5+ 1-0

[Event "13. Bayer Open"]
[Site "Leverkusen"]
[Date "2015.02.02"]
[Round "3.17"]
[White "Wrzesniak, Marek"]
[Black "Spiekermann, Stefan"]
[Result "1/2-1/2"]
[WhiteElo "1867"]
[BlackElo "1988"]
[PlyCount "139"]
[EventDate "2015.??.??"]
[WhiteTeam "BSW Opladen"]
[BlackTeam "SV Menden"]

1. d4 Nf6 2. c4 g6 3. Nc3 d5 4. e3 Bg7 5. b3 c5 6. Nge2 O-O 7. cxd5 Nxd5 8. Bb2
cxd4 9. Nxd5 Qxd5 10. Bxd4 Qa5+ 11. Qd2 Qxd2+ 12. Kxd2 Rd8 13. Ke1 Nc6 14. Bxg7
Kxg7 15. Rd1 Bf5 16. Ng3 Be6 17. Bd3 Nb4 18. Bb1 Nd5 19. Rc1 a5 20. Ke2 b5 21.
Be4 f5 22. Bxd5 Bxd5 23. Rhd1 a4 24. Rb1 axb3 25. axb3 Ra2+ 26. Kf1 Raa8 27.
Rb2 Bxb3 28. Rxd8 Bc4+ 29. Ke1 Rxd8 30. Ne2 Ra8 31. Kd2 Kf6 32. g3 Ra2 33. Rxa2
Bxa2 34. Kc3 e5 35. f4 Bc4 36. Ng1 Ke6 37. Nf3 exf4 38. exf4 Kd5 39. Nd2 Kc5
40. h3 b4+ 41. Kc2 Be2 42. Nb3+ Kd5 43. Kd2 Bf1 44. h4 Bc4 45. Na5 Ba6 46. Ke3
Kc5 47. Kd2 Bc4 48. Nb7+ Kd4 49. h5 Bd5 50. hxg6 hxg6 51. Nd6 b3 52. Nb5+ Kc5
53. Nc3 Be4 54. Na4+ Kc4 55. Nb2+ Kb4 56. Nd1 Bb1 57. Kc1 Bc2 58. Nb2 Kc3 59.
Na4+ Kd3 60. Nc5+ Ke3 61. Ne6 Kf3 62. Nf8 Kxg3 63. Nxg6 Kf3 64. Kb2 Ke3 65. Kc3
Bd1 66. Kb2 Ke4 67. Kc3 Kf3 68. Kb2 Ke3 69. Kc3 Bh5 70. Ne7 1/2-1/2

[Event "13. Bayer Open"]
[Site "Leverkusen"]
[Date "2015.02.02"]
[Round "3.18"]
[White "Stuch, Hans-Ferdinand"]
[Black "Ljuboschiz, Alexander"]
[Result "0-1"]
[WhiteElo "1608"]
[BlackElo "2031"]
[PlyCount "32"]
[EventDate "2015.??.??"]
[WhiteTeam "SC Bonn Beuel"]
[BlackTeam "SV Würselen"]

1. Nf3 g6 2. e4 Bg7 3. d4 d6 4. Nc3 Nf6 5. h3 c6 6. Be3 d5 7. e5 Ne4 8. Nxe4
dxe4 9. Nd2 Qa5 10. c3 O-O 11. Nxe4 Bf5 12. Bd3 Rd8 13. Nc5 Bxd3 14. Nxd3 Nd7
15. e6 fxe6 16. Nc5 Nxc5 0-1

[Event "13. Bayer Open"]
[Site "Leverkusen"]
[Date "2015.02.02"]
[Round "3.19"]
[White "Alexopoulos, Spiros Orestis"]
[Black "Roßkothen, Arnd"]
[Result "1/2-1/2"]
[WhiteElo "1789"]
[BlackElo "2045"]
[PlyCount "110"]
[EventDate "2015.??.??"]
[WhiteTeam "Aachener SV"]
[BlackTeam "Uedemer SC"]

1. c4 b6 2. Nc3 Bb7 3. e4 e6 4. g3 f5 5. Bg2 Nf6 6. d3 Bb4 7. Nge2 O-O 8. O-O
fxe4 9. Nxe4 Nxe4 10. dxe4 Nc6 11. f4 Bc5+ 12. Kh1 d6 13. a3 a5 14. Bd2 Qf6 15.
Bc3 Qg6 16. Qc2 Rae8 17. Rae1 Qh6 18. b3 e5 19. Qb2 exf4 20. gxf4 Be3 21. Bd2
Bxd2 22. Qxd2 Ne5 23. Qc3 Ng6 24. f5 Nh4 25. Ng3 Nxg2 26. Kxg2 Qg5 27. Kh1 h5
28. Rg1 Re5 29. Qe3 Qxe3 30. Rxe3 h4 31. Nh5 Rxe4 32. Rxg7+ Kh8 33. Rxe4 Bxe4+
34. Kg1 Bf3 35. Rg5 Bd1 36. Nf4 Kh7 37. Ne6 Rf7 38. b4 axb4 39. axb4 Be2 40. c5
dxc5 41. bxc5 bxc5 42. Nxc5 c6 43. Kf2 Bb5 44. Ne6 Bc4 45. Rh5+ Kg8 46. Rg5+
Kh8 47. Rh5+ Rh7 48. Rxh7+ Kxh7 49. Nc5 Kg7 50. Kf3 h3 51. Kf4 Kf6 52. Ne4+ Ke7
53. Ke5 Bd5 54. Ng5 Bg2 55. f6+ Kf8 1/2-1/2

[Event "13. Bayer Open"]
[Site "Leverkusen"]
[Date "2015.02.02"]
[Round "3.20"]
[White "Hoeper, Heinz-Joachim"]
[Black "Goerke, Joachim"]
[Result "0-1"]
[WhiteElo "1523"]
[BlackElo "2065"]
[PlyCount "50"]
[EventDate "2015.??.??"]
[WhiteTeam "Pulheimer SC"]
[BlackTeam "SG Solingen"]

1. Nf3 Nf6 2. d4 g6 3. Bf4 Bg7 4. e3 d6 5. Nbd2 O-O 6. Bd3 Nbd7 7. c3 Re8 8.
Qc2 e5 9. Bg5 Qe7 10. e4 h6 11. Be3 Ng4 12. h4 Nxe3 13. fxe3 Nf6 14. Nh2 d5 15.
O-O-O dxe4 16. Nxe4 Nxe4 17. Bxe4 exd4 18. Nf3 Qxe4 19. Qxe4 Rxe4 20. exd4 Bg4
21. Kd2 Rae8 22. Rde1 Bxf3 23. gxf3 Rxe1 24. Rxe1 Rxe1 25. Kxe1 Bf6 0-1

[Event "13. Bayer Open"]
[Site "Leverkusen"]
[Date "2015.02.02"]
[Round "3.21"]
[White "Weiser, Hans-Josef"]
[Black "Gnass, Arno"]
[Result "1/2-1/2"]
[WhiteElo "2010"]
[BlackElo "1664"]
[PlyCount "40"]
[EventDate "2015.??.??"]
[WhiteTeam "Bergische SF"]
[BlackTeam "TSV Bergisch Gladbach"]

1. e4 c6 2. Nc3 d5 3. Nf3 dxe4 4. Nxe4 Nd7 5. Bc4 Ngf6 6. Ng3 e6 7. O-O Bc5 8.
d4 Be7 9. c3 O-O 10. Bd3 c5 11. Bc2 Re8 12. Re1 cxd4 13. cxd4 b6 14. Qd3 a5 15.
Bg5 Ba6 16. Qd1 Bb4 17. Bd2 Bxd2 18. Qxd2 Nf8 19. Rad1 Qd6 20. Qg5 Qd5 1/2-1/2

[Event "13. Bayer Open"]
[Site "Leverkusen"]
[Date "2015.02.02"]
[Round "3.22"]
[White "Erdmann, Kristian"]
[Black "Richrath, Martin"]
[Result "1-0"]
[WhiteElo "1966"]
[BlackElo "1772"]
[PlyCount "57"]
[EventDate "2015.??.??"]
[WhiteTeam "Königsspringer Leverkusen"]
[BlackTeam "Langenfelder SF"]

1. e4 e5 2. Nf3 Nc6 3. Bc4 Be7 4. d3 Nf6 5. Nc3 O-O 6. O-O d6 7. Be3 Na5 8. Bb3
Nxb3 9. axb3 Bd7 10. d4 exd4 11. Nxd4 Qc8 12. f4 c5 13. Nde2 Bc6 14. Ng3 Qg4
15. Rf3 Qd7 16. Nd5 Bxd5 17. exd5 Ng4 18. Qd3 Nxe3 19. Rxe3 Bf6 20. c3 g6 21.
f5 Be5 22. Rf1 Kg7 23. Rxe5 dxe5 24. f6+ Kh8 25. Qd2 Rg8 26. Qh6 Qxd5 27. Rf3
Rad8 28. Nf1 Qe4 29. Qxh7+ 1-0

[Event "13. Bayer Open"]
[Site "Leverkusen"]
[Date "2015.02.02"]
[Round "3.23"]
[White "Domnick, Michael"]
[Black "Scharff, Klaus"]
[Result "0-1"]
[WhiteElo "1789"]
[BlackElo "1857"]
[PlyCount "134"]
[EventDate "2015.??.??"]
[WhiteTeam "TV Witzhelden"]
[BlackTeam "SV Opladen"]

1. d4 e6 2. c4 d6 3. Nf3 Ne7 4. b3 Nd7 5. Bb2 h6 6. Nbd2 a6 7. Qc2 Nc6 8. a3 d5
9. e4 dxe4 10. Nxe4 f5 11. Nc3 Nf6 12. d5 exd5 13. cxd5 Nb8 14. O-O-O Be7 15.
Nh4 O-O 16. Nxf5 Ng4 17. Bd3 Bc5 18. Rd2 Nxf2 19. Nxg7 Nxd3+ 20. Qxd3 Qe7 21.
b4 Bd6 22. Ne2 Be5 23. Ne6 Bxb2+ 24. Kxb2 Bxe6 25. Qg6+ Qg7+ 26. Qxg7+ Kxg7 27.
dxe6 Rf2 28. Rc1 Nc6 29. Rd7+ Kf8 30. Rc2 Re8 31. Rxc7 Rxe6 32. Nc3 Rf7 33.
Rxf7+ Kxf7 34. Nd5 Re5 35. Rf2+ Ke6 36. Nc3 Nd4 37. Rd2 Nf5 38. g4 Ne3 39. h3
Nc4+ 40. Kc2 Nxd2 41. Kxd2 b5 42. h4 Kf6 43. Kd3 Re1 44. g5+ hxg5 45. hxg5+
Kxg5 46. Ne4+ Kf4 47. Nc5 Re3+ 48. Kc2 Rxa3 49. Kb2 Rh3 50. Nxa6 Ke3 51. Nc7
Rh5 52. Kc3 Rf5 53. Ne6 Rf3 54. Kb2 Kd3 55. Nc7 Kc4 56. Na6 Rf6 57. Nc7 Rh6 58.
Ka3 Rh3+ 59. Kb2 Kxb4 60. Nd5+ Ka5 61. Nc3 b4 62. Ne4 Kb5 63. Nd6+ Ka4 64. Nc4
Rh2+ 65. Kc1 Kb3 66. Na5+ Kc3 67. Kb1 b3 0-1

[Event "13. Bayer Open"]
[Site "Leverkusen"]
[Date "2015.02.02"]
[Round "3.24"]
[White "Meyer, Stefan"]
[Black "Pützkaul, Karl"]
[Result "1/2-1/2"]
[WhiteElo "1692"]
[BlackElo "1737"]
[PlyCount "85"]
[EventDate "2015.??.??"]
[WhiteTeam "SV Grevenbroich"]
[BlackTeam "SC Bayer Leverkusen"]

1. d4 Nf6 2. c4 e6 3. Nc3 Bb4 4. Bg5 h6 5. Bh4 c5 6. d5 Bxc3+ 7. bxc3 d6 8. e3
e5 9. Bd3 Qe7 10. f3 g5 11. Bf2 e4 12. Be2 Bf5 13. g4 exf3 14. Bxf3 Be4 15. h3
Nbd7 16. Bxe4 Nxe4 17. Qc2 Nxf2 18. Qxf2 Ne5 19. Qe2 Qf6 20. O-O-O Qg6 21. Nf3
Qe4 22. Nxe5 Qxe5 23. Kb2 O-O 24. Rhf1 Rae8 25. Rf3 f5 26. Rdf1 f4 27. Qc2 Kg7
28. exf4 Rxf4 29. Qd2 Qe2 30. Qxe2 Rxe2+ 31. Kb3 Ree4 32. Rxf4 gxf4 33. Kc2 Kf6
34. Kd3 Re3+ 35. Kd2 Kg5 36. Re1 Rxh3 37. Re6 Kxg4 38. Rxd6 Rh2+ 39. Ke1 Kf3
40. Re6 Rh1+ 41. Kd2 Rh2+ 42. Ke1 Rh1+ 43. Kd2 1/2-1/2

[Event "13. Bayer Open"]
[Site "Leverkusen"]
[Date "2015.02.02"]
[Round "3.25"]
[White "Birnkott, Manfred"]
[Black "Paul, André David"]
[Result "1-0"]
[WhiteElo "1888"]
[BlackElo "1710"]
[PlyCount "70"]
[EventDate "2015.??.??"]
[WhiteTeam "SC Bayer Leverkusen"]
[BlackTeam "Kölner SK Dr. Lasker"]

1. e4 e6 2. d4 d5 3. Nc3 c6 4. Bd3 Nd7 5. Nf3 b6 6. O-O Bb7 7. Bf4 dxe4 8. Nxe4
Ndf6 9. c3 Nxe4 10. Bxe4 Nf6 11. Bd3 Bd6 12. Ne5 Qc7 13. Bg3 g6 14. f4 Nh5 15.
Bh4 O-O 16. g4 Ng7 17. Bg3 c5 18. Be2 cxd4 19. cxd4 Qe7 20. Bf3 Rfc8 21. Qe2 f6
22. Nc4 Bxf3 23. Qxf3 Rab8 24. Nxd6 Qxd6 25. Rfd1 Qc6 26. d5 exd5 27. Rxd5 Ne6
28. f5 Ng5 29. Qb3 Kg7 30. Bxb8 Rxb8 31. Rad1 Re8 32. Qg3 Re2 33. h4 Nf7 34. g5
Rxb2 35. gxf6+ Kxf6 1-0

[Event "13. Bayer Open"]
[Site "Leverkusen"]
[Date "2015.02.02"]
[Round "3.26"]
[White "Kuhn, Andreas"]
[Black "Skiber, Friedel"]
[Result "1-0"]
[WhiteElo "1904"]
[BlackElo "1552"]
[PlyCount "69"]
[EventDate "2015.??.??"]
[WhiteTeam "SG Niederkassel"]
[BlackTeam "SG Solingen"]

1. Nf3 Nf6 2. c4 d6 3. d4 g6 4. g3 Bg7 5. Bg2 O-O 6. O-O Nc6 7. Nc3 Nd7 8. e4
e5 9. d5 Nb4 10. a3 Na6 11. Qc2 Rb8 12. b4 c6 13. dxc6 bxc6 14. Rd1 Qc7 15. Qd3
d5 16. cxd5 c5 17. b5 c4 18. Qxc4 Nac5 19. Be3 Qd6 20. Rac1 a6 21. a4 axb5 22.
Nxb5 Rxb5 23. axb5 Nb7 24. Qc7 Qe7 25. Bh3 f5 26. exf5 gxf5 27. Bxf5 Nd6 28.
Bg5 Qe8 29. Be6+ Kh8 30. Nh4 Ne4 31. Be3 Bf6 32. Qxc8 Qh5 33. Qxd7 Bxh4 34. Bg4
Qg6 35. Rc8 1-0

[Event "13. Bayer Open"]
[Site "Leverkusen"]
[Date "2015.02.02"]
[Round "3.27"]
[White "Depping, Thomas"]
[Black "Schimpf, Rolf"]
[Result "0-1"]
[WhiteElo "1595"]
[BlackElo "1710"]
[PlyCount "96"]
[EventDate "2015.??.??"]
[WhiteTeam "SF Düsseldorf-Süd"]
[BlackTeam "SC Bayer Leverkusen"]

1. e4 c5 2. Nc3 e6 3. f4 a6 4. a4 b6 5. Nf3 Qc7 6. d3 Bb7 7. Be2 d6 8. O-O Be7
9. Qe1 Nf6 10. Bd2 O-O 11. Qg3 Re8 12. e5 Nd5 13. Ne4 Kh8 14. c4 Nb4 15. exd6
Bxd6 16. Nxd6 Qxd6 17. Ne5 Qe7 18. Bc3 f6 19. Bxb4 cxb4 20. Nf3 Nc6 21. Qf2 Qc7
22. Nd4 Nxd4 23. Qxd4 Rad8 24. Qe3 Qc5 25. Qxc5 bxc5 26. Bf3 Bc8 27. Rad1 Rd4
28. g3 Kg8 29. Rfe1 Red8 30. Re3 Kf7 31. b3 a5 32. Kf2 R8d7 33. Ke2 Bb7 34.
Bxb7 Rxb7 35. Kf3 Rbd7 36. Rd2 h6 37. h4 Rd8 38. h5 R4d6 39. Kg4 g6 40. hxg6+
Kxg6 41. Kf3 h5 42. g4 hxg4+ 43. Kxg4 Kf7 44. Kf3 Rh8 45. Kg2 Kg6 46. Rh3 Rxh3
47. Kxh3 Kf5 48. Kg3 Rd4 0-1

[Event "13. Bayer Open"]
[Site "Leverkusen"]
[Date "2015.02.02"]
[Round "3.29"]
[White "Jacobi, Bernd"]
[Black "Jiritschka, Wolfgang"]
[Result "0-1"]
[WhiteElo "1414"]
[BlackElo "1847"]
[PlyCount "48"]
[EventDate "2015.??.??"]
[WhiteTeam "Langenfelder SF"]
[BlackTeam "SC Bayer Leverkusen"]

1. d4 Nf6 2. c3 d5 3. Nf3 c5 4. e3 Nc6 5. Bd3 Qc7 6. O-O e5 7. dxe5 Nxe5 8. Be2
Bd6 9. Bb5+ Bd7 10. Bxd7+ Qxd7 11. Nxe5 Bxe5 12. Nd2 O-O 13. Nf3 Bc7 14. h3
Rad8 15. b4 b6 16. Bb2 Ne4 17. Qc2 f5 18. Rad1 Qf7 19. a3 Rfe8 20. Rd3 f4 21.
Bc1 Rd7 22. Qa4 fxe3 23. Bxe3 Red8 24. Qb3 c4 0-1

[Event "13. Bayer Open"]
[Site "Leverkusen"]
[Date "2015.02.02"]
[Round "3.30"]
[White "Axmann, Michael"]
[Black "Reif, Frank"]
[Result "1-0"]
[WhiteElo "1798"]
[BlackElo "1736"]
[PlyCount "99"]
[EventDate "2015.??.??"]
[WhiteTeam "SC Bayer Leverkusen"]
[BlackTeam "TV Witzhelden"]

1. d4 Nf6 2. Nf3 g6 3. Nbd2 Bg7 4. e4 d6 5. Bc4 O-O 6. O-O Nbd7 7. c3 e5 8. Re1
Qe7 9. Qc2 Nh5 10. Nf1 Nb6 11. Be2 Nf4 12. Bxf4 exf4 13. h3 g5 14. N3h2 Kh8 15.
Bd3 Qf6 16. e5 dxe5 17. dxe5 Qh6 18. Bf5 Nd7 19. Ng4 Qh4 20. Nfh2 Re8 21. Nf3
Qh5 22. Rad1 Nf8 23. Qe4 c6 24. Rd6 Be6 25. Nd4 Bd5 26. Qd3 Rad8 27. Nf6 Bxf6
28. Rxf6 c5 29. Bg4 Qh4 30. Nf5 Be6 31. Qxd8 Rxd8 32. Nxh4 gxh4 33. Rxf4 Ng6
34. Ra4 a6 35. Bxe6 fxe6 36. Rae4 Rd2 37. R1e2 Rd3 38. Kf1 Kg7 39. Ke1 Rd5 40.
c4 Rd7 41. Rd2 Rc7 42. Ke2 Kf7 43. Rd6 Ke7 44. f4 Kf7 45. Kf3 Ne7 46. Rb6 Nf5
47. Re1 Rd7 48. Kf2 Nd4 49. Rd1 Ke7 50. b4 1-0

[Event "13. Bayer Open"]
[Site "Leverkusen"]
[Date "2015.02.02"]
[Round "3.32"]
[White "Gutt, Stefan"]
[Black "Rist, Kurt"]
[Result "1-0"]
[WhiteElo "1808"]
[BlackElo "1532"]
[PlyCount "87"]
[EventDate "2015.??.??"]
[WhiteTeam "Bergische SF"]
[BlackTeam "SG Solingen"]

1. d4 d5 2. c4 e6 3. Nc3 c6 4. Nf3 Nd7 5. Bg5 Ngf6 6. e3 Bb4 7. cxd5 exd5 8.
Qc2 Qa5 9. Bd3 c5 10. O-O c4 11. Be2 O-O 12. Nd2 Re8 13. Bf3 b6 14. Nxc4 dxc4
15. Bxf6 Nxf6 16. Bxa8 Bf5 17. e4 Bg6 18. Bc6 Rc8 19. Qa4 Bxc3 20. bxc3 Qxa4
21. Bxa4 a6 22. Bc2 Nxe4 23. Bxe4 Bxe4 24. Rfe1 Bd5 25. Re5 Bc6 26. Rae1 Kf8
27. f3 Rb8 28. d5 Ba4 29. d6 Bc6 30. Rd1 Bd7 31. Rd4 Rc8 32. Re7 Bb5 33. Rb7
Re8 34. Rxb6 Rd8 35. Rb7 f5 36. Kf2 Bc6 37. Rc7 Bb5 38. h4 h6 39. h5 Be8 40.
Rd5 g6 41. hxg6 Bxg6 42. Ke3 Re8+ 43. Kd4 Kg8 44. d7 {Restliche Notation fehlt.
} 1-0